Bibliografía crítica de la poesía cubana (Record no. 108499)

MARC details
000 -LEADER
campo de control de longitud fija 00706nam a2200217 i 4500
001 - NÚMERO DE CONTROL
campo de control 108499
003 - IDENTIFICADOR DE NÚMERO DE CONTROL
campo de control ES-MaACL
005 - FECHA Y HORA DE LA ÚLTIMA TRANSACCIÓN
campo de control 20230906184643.0
007 - CAMPO FIJO DE DESCRIPCIÓN FÍSICA--INFORMACIÓN GENERAL
campo de control de longitud fija t|
008 - DATOS DE LONGITUD FIJA--INFORMACIÓN GENERAL
campo de control de longitud fija 061121s1973 sp b |||| | spa d
100 1# - ENTRADA PRINCIPAL--NOMBRE DE PERSONA
Nombre de persona Montes Huidobro, Matías.
9 (RLIN) 82575
245 10 - MENCIÓN DEL TÍTULO
Título Bibliografía crítica de la poesía cubana
Resto del título : (exilio: 1959-1971) /
Mención de responsabilidad, etc. Matías Montes Huidobro, Yara González.
260 ## - PUBLICACIÓN, DISTRIBUCIÓN, ETC.
Lugar de publicación, distribución, etc. Madrid :
Nombre del editor, distribuidor, etc. Playor,
Fecha de publicación, distribución, etc. 1973.
300 ## - DESCRIPCIÓN FÍSICA
Extensión 136 p. ;
Dimensiones 21 cm.
490 1# - MENCIÓN DE SERIE
Mención de serie Plaza mayor scholar ;
Designación de volumen o secuencia 15
650 #4 - PUNTO DE ACCESO ADICIONAL DE MATERIA--TÉRMINO DE MATERIA
Término de materia o nombre geográfico como elemento de entrada Poesía cubana-
Subdivisión cronológica S.XX-
Subdivisión de forma Bibliografías.
9 (RLIN) 163234
700 1# - ENTRADA AGREGADA--NOMBRE PERSONAL
Nombre de persona González, Yara.
9 (RLIN) 58391
830 1# - PUNTO DE ACCESO ADICIONAL DE SERIE-TÍTULO UNIFORME
Título uniforme Plaza mayor scholar ;
Designación de volumen o secuencia 15
9 (RLIN) 181264
852 ## - LOCALIZACIÓN
Ubicación ES-MaACL
Número de control de estantería C-52396
Holdings
Estatus retirado Estado de pérdida Estado de daño No para préstamo Biblioteca de origen Biblioteca actual Ubicación en estantería Fecha de adquisición Fuente de adquisición Total de préstamos Signatura topográfica completa Código de barras Visto por última vez Precio de reemplazo Tipo de ítem Koha
        Biblioteca del Ateneo de Madrid Biblioteca del Ateneo de Madrid Depósito 2 17/01/2008     C-52396 1113214 23/02/2023 23/02/2023 Libro impreso